| 000 | 05202cam a22008174i 4500 | ||
|---|---|---|---|
| 003 | PE-LiUPU | ||
| 005 | 20250731173528.0 | ||
| 008 | 150616s1948 u ridu 000 0 eng d | ||
| 035 | _a(Sirsi) a8650 | ||
| 040 |
_aPE-LiUPU _bspa _cPE-LiUPU _erda |
||
| 049 | _aPRUA | ||
| 050 |
_aBX6146 _b.T31 |
||
| 082 | 0 | 4 |
_a286.7325 _bTCi _221 |
| 082 | 0 | 4 |
_a286.7325 _bTIi _221 |
| 082 | 0 | 4 |
_aW248.5 _bTCH V4 |
| 082 | 0 | 4 |
_a286.7325 _bTPIi _221 |
| 100 | 1 |
_aWhite, Ellen Gould Harmon, _d1827-1915, _eautor. |
|
| 245 | 1 | 0 |
_aTestimonies for the Church. _n4 / _cEllen G. White. |
| 264 | 1 |
_aNampa, Idaho : _bPacific Press Publishing Association, _c1948. |
|
| 300 |
_a730 páginas ; _c21 centimetros. |
||
| 336 |
_atext _2rdacontent |
||
| 337 |
_aunmediated _2rdamedia |
||
| 338 |
_avolume _2rdacarrier |
||
| 490 | 0 | _aPacific press | |
| 505 | 0 | _aBible biographies -- Unity of the church -- Go forward -- Indulgence of appetire -- The cristian warfare -- True benevolence -- Co workers with christ -- Sensational revivals -- Withholding meas -- The testing process -- Labor conducive to health -- self-conceit and selfisheness -- A divided interest -- Self-exaltatión -- Missionaries ein the home -- Willing obedience -- The twelve spies.- Necessity of family discipline -- Necessity of harmony -- Testimonies for the church -- Opposition to faithful warnings -- Ostinacy not independece -- Experience and labors -- The judgment -- Ministers of the fospel -- The sevants of god -- Warnings and admonitions. | |
| 526 | _aSEG42 | ||
| 526 | _aSEG41 | ||
| 526 | _aSEG40 | ||
| 526 | _aSEG39 | ||
| 526 | _aP94 | ||
| 526 | _aP87 | ||
| 526 | _aP86 | ||
| 526 | _aP85 | ||
| 526 | _aP77 | ||
| 526 | _aP76 | ||
| 526 | _aP35 | ||
| 610 | 2 |
_aIASD _xDoctrinas |
|
| 610 | 2 |
_aIASD _vPublicaciones. |
|
| 910 |
_ajck _bjvq _cjck |
||
| 910 |
_ajck _bjvq _cjck _d20170525 |
||
| 910 |
_btqv _cwelc _d20171206 |
||
| 942 |
_2ddc _cBOOK |
||
| 949 |
_a286.7325 TCi 4 _wDEWEY _c1 _i26209 _lCCODEBUL1 _mBUL _p00.00 _r0 _sY _tBOOK _u19931013 _xBIBLIOTECA _zUNKNOWN _0COMPRA _o.STAFF. Colección General |
||
| 949 |
_a286.7325 TCi 4 _wDEWEY _c2 _i35143 _lCCODEBUL1 _mBUL _p00.00 _r0 _sY _tBOOK _u19931013 _xBIBLIOTECA _zUNKNOWN _0COMPRA _o.STAFF. Colección General |
||
| 949 |
_aBX6146 .T31 V4 _wDEWEY _c3 _i50678 _lCCODEBUL1 _mBUL _p00.00 _r0 _sY _tBOOK _u19931013 _xBIBLIOTECA _zUNKNOWN _0COMPRA _o.STAFF. Colección General |
||
| 949 |
_aBX6146 .T31 V4 _wDEWEY _c4 _i58462 _lCCODEBUL1 _mBUL _pdollar15 _r0 _sY _tBOOK _u20080626 _xTEOLOGIA _PP35 _0COMPRA _o.STAFF. Colección General |
||
| 949 |
_a286.7325 TCi 4 _wDEWEY _c5 _i04931 _lCCODEBUL1 _mBUL _p00.00 _r0 _sY _tBOOK _u19931013 _xBIBLIOTECA _zUNKNOWN _0COMPRA _o.STAFF. Colección General |
||
| 949 |
_a286.7325 TCi 4 _wDEWEY _c6 _i08214 _lCCODEBUL1 _mBUL _p00.00 _r0 _sY _tBOOK _u19931013 _xBIBLIOTECA _zUNKNOWN _0COMPRA _o.STAFF. Colección General |
||
| 949 |
_a286.7325 TCi 4 _wDEWEY _c7 _i19860 _lCCODEBUL1 _mBUL _p00.00 _r0 _sY _tBOOK _u19931013 _xBIBLIOTECA _zUNKNOWN _0COMPRA _o.STAFF. Colección General |
||
| 949 |
_aW248.5 TCH V4 1948 _wDEWEY _c1 _iFJ09421 _lCCODECWJ1 _mBUJ _p15.00 _r0 _sY _tBOOK _u2017-12-06 _xBIBLIOTECA _zUNKNOWN _0DONACION _o.STAFF. Colección General Juliaca |
||
| 994 |
_aC0 _bPEPRU |
||
| 596 | _a1 3 4 | ||
| 999 |
_a286.7325 TCI 4 _wDEWEY _c60018 _i35143 _f2019-12-11 _g4 _lDISCARD _mBUL _r1 _sY _tBOOK _u2015-6-16 _xTEOLOGIA _zUNKNOWN _0COMPRA _o.STAFF. Colección General _d60018 |
||
| 999 |
_a286.7325 TCI 4 _wDEWEY _c5 _i04931 _f2019-12-11 _g4 _lDISCARD _mBUL _r1 _sY _tBOOK _u2015-6-16 _xTEOLOGIA _zUNKNOWN _0COMPRA _o.STAFF. Colección General |
||
| 999 |
_a286.7325 TCI 4 _wDEWEY _c6 _i08214 _f2019-12-11 _g4 _lDISCARD _mBUL _r1 _sY _tBOOK _u2015-6-16 _xTEOLOGIA _zUNKNOWN _0COMPRA _o.STAFF. Colección General |
||
| 999 |
_a286.7325 TCI 4 _wDEWEY _c7 _i19860 _f2021-11-12 _g5 _lCCODEBUL1 _mBUL _r0 _sY _tBOOK _u2015-6-16 _xTEOLOGIA _zUNKNOWN _0COMPRA _o.STAFF. Colección General |
||
| 999 |
_a286.7325 TCI 4 _wDEWEY _c8 _i75896 _f2021-11-12 _g4 _lCCODEBUL1 _mBUL _p15.00 _r0 _sY _tBOOK _u2017-5-25 _xTEOLOGIA _PP85 _0DONACION _o.STAFF. Colección Teología |
||
| 999 |
_a286.7325 TPII V4 1948 _wDEWEY _c1 _iCW26209 _f2021-12-21 _g2 _lCCODECWL1 _mBWL _p30.00 _r1 _sY _tBOOK _u2015-6-16 _xWHITE _zUNKNOWN _0COMPRA _o.STAFF. Centro White |
||
| 999 |
_a286.7325 TPII V4 1948 _wDEWEY _c2 _iCW50678 _f2021-12-21 _g2 _lCCODECWL1 _mBWL _p50.00 _r1 _sY _tBOOK _u2015-6-16 _xWHITE _zUNKNOWN _0COMPRA _o.STAFF. Centro White |
||
| 999 |
_a286.7325 TPII V4 1948 _wDEWEY _c1 _iCW58462 _f2021-12-21 _g2 _lCCODECWL1 _mBWL _p20.00 _r1 _sY _tBOOK _u2015-6-16 _xWHITE _zUNKNOWN _0COMPRA _o.STAFF. Centro White |
||
| 999 |
_aW248.5 TCH V4 1948 _wDEWEY _c1 _iFJ09421 _f2022-2-2 _g4 _lCCODECWJ1 _mBUJ _p15.00 _r0 _sY _tBOOK _u2017-12-6 _xBIBLIOTECA _zUNKNOWN _0DONACION _o.STAFF. Colección General Juliaca |
||
| 980 |
_81 _gALBERTO SANCHEZ Responsable de Automatización |
||